| 000 | 00715nam a22002295a 4500 | ||
|---|---|---|---|
| 005 | 20180402115816.0 | ||
| 008 | 180402t2017 mf frb 000 0 eng d | ||
| 020 | _a9786202199889 | ||
| 040 |
_aEG-ScBUE _beng _cEG-ScBUE |
||
| 082 | 0 | 4 |
_a371.1024 _bSOL _222 |
| 100 | 1 | _aSoliman, Nagwa. | |
| 245 | 1 | 0 |
_aCreating a positive learning classroom environment / _cNagwa Soliman. |
| 260 |
_aBeau Bassin : _bLambert Academic Publishing, _c2017. |
||
| 300 |
_a47 p. ; _c22 cm. |
||
| 504 | _aIncludes bibliographical references. | ||
| 650 | 7 |
_aClassroom management. _2BUEsh |
|
| 650 | 7 |
_aClassroom environment. _2BUEsh |
|
| 651 | _2BUEsh | ||
| 653 |
_bHHUUEENN _cApril2018 |
||
| 655 |
_vReading book _934232 |
||
| 942 | _2ddc | ||
| 999 |
_c26451 _d26423 |
||